| 000 | 00332nam a2200121Ia 4500 | ||
|---|---|---|---|
| 008 | 230907s9999||||xx |||||||||||||| ||und|| | ||
| 082 | _a333.8,VER | ||
| 100 |
_aVerma, Ajit Kumar. _9115202 |
||
| 245 | 0 | _aRisk management of Non-renewable energy systems/ | |
| 260 |
_aSpringer _bLondon _c2015 |
||
| 300 | _axvii, 424 p.: | ||
| 942 | _cBK | ||
| 999 |
_c597832 _d597832 |
||